000 00715nam a2200217Ia 4500
003 GCL
008 140319s9999 xx 000 0 ara d
040 _aGCL /
_cGCL
082 0 4 _a210.4
_bع ط
100 1 _aعبدالمنعم سيد حسن
245 1 0 _aطبيعة المرأة فى الكتاب والسنة /
_cعبدالمنعم سيد حسن
260 _aالقاهرة :
_bمكتبة النهضة المصرية ،
_c1985
300 _a196 ص ؛
_c24 سم
650 0 4 _aالاسلام
650 0 4 _aالديانات
650 0 4 _aحقوق المرأة
650 0 4 _aالمرأة المسلمة
650 0 4 _aحجاب المراة
650 0 4 _aالمرأة فى الاسلام
942 _2ddc
_cBK
999 _c58586
_d58586